Wege der Gesellschaftsgeschichte /
Uložené v:
| Ďalší autori: | , , |
|---|---|
| Médium: | Kniha |
| Jazyk: | German |
| Vydané: |
Göttingen :
Vandenhoeck & Ruprecht,
c2006
|
| Vydanie: | [1. Aufl.] |
| Edícia: | Geschichte und Gesellschaft
|
| Témy: | |
| ISBN: |
9783525364222 (brož.) 3525364229 (brož.) |
| Fyzický popis: |
294 s. ; 23 cm |
| Tagy: |
Pridať tag
Žiadne tagy, Buďte prvý kto otaguje tento záznam!
|
Titul je dostupný aj v ... 

MARC
| LEADER | 00000nam a2200000 a 4500 | ||
|---|---|---|---|
| 001 | 000294591 | ||
| 005 | 20070607141727.0 | ||
| 008 | 070416s2006 gw e 001 0 gero | ||
| 020 | |a 9783525364222 (brož.) | ||
| 020 | |a 3525364229 (brož.) | ||
| 040 | |a SVKKK |b slo |c SVKKK |e AACR2 | ||
| 041 | 0 | |a ger | |
| 044 | |a gw |c DE | ||
| 072 | 7 | |a 308 |x Sociografia |2 konspekt | |
| 080 | |a 308(091) |2 1997 | ||
| 080 | |a (082) |2 1997 | ||
| 245 | 0 | 0 | |a Wege der Gesellschaftsgeschichte / |c Herausgegeben von Jürgen Osterhammel, Dieter Langewiesche, Paul Nolte |
| 250 | |a [1. Aufl.] | ||
| 260 | |a Göttingen : |b Vandenhoeck & Ruprecht, |c c2006 | ||
| 300 | |a 294 s. ; |c 23 cm | ||
| 440 | 0 | |a Geschichte und Gesellschaft | |
| 504 | |a Poznámky. Skratky. Register | ||
| 650 | 0 | 7 | |a sociálne dejiny |2 SVKKKPH |
| 655 | 7 | |a zborníky |2 SVKKKPH | |
| 700 | 1 | |a Osterhammel, Jürgen |4 com | |
| 700 | 1 | |a Langewiesche, Dieter |4 com | |
| 700 | 1 | |a Nolte, Paul |4 com | |
| 919 | |a 978-3-525-36422-2 | ||
| 919 | |a 3-525-36422-9 | ||
| 998 | |a BK | ||
| 090 | |g SCKHL |k Sklad Pribinova prízemie |a IV.199616 |j 989333 |i 2720097429 |s Absenčne | ||